Dongeng Rakyat Dunia 8

Bibliographic Details
Main Author: Yulis Haji Alwi
Format: Book
Published: Kuala Lumpur : DBP , 1994
Subjects:

MARC

LEADER 00000cam a2200000 7i4500
001 0000007482
002 000008041
005 20000330.0
020 |a 9836243739 
090 0 0 |a JF   |b YUL 
100 0 |a Yulis Haji Alwi 
245 1 0 |a Dongeng Rakyat Dunia 8   |c Yulis Hj Alwi 
260 |a Kuala Lumpur :   |b DBP ,   |c 1994 
300 |a 137p. ;   |c 18cm. 
650 0 0 |a Children's stories 
999 |a 055519   |b BUKU   |c PINJAMAN   |e PERPUSTAKAAN KOMUNITI CAW KOTA DAMANSARA 
999 |a 055520   |b BUKU   |c PINJAMAN   |e PERPUSTAKAAN KOMUNITI CAW KOTA DAMANSARA 
999 |a 055521   |b BUKU   |c PINJAMAN   |e PERPUSTAKAAN KOMUNITI CAW KOTA DAMANSARA